Представление документа в формате RUSMARC

ПолеНазваниеЗначение
  Тип записи a
  Библиографический уровень m
001 Контрольный номер RU/CBS_UL/BASE/b4307c1000944a92a011687787fcbe60
005 Дата корректировки 20240814132000.0
010 Индекс ISBN __
a ISBN 978-5-9902316-8-9
b Уточнения в пер.
d Цена 10 р. 00 к.
9 Тираж 1 000 экз.
100 Данные общей обработки __
a Данные общей обработки 20130130d2013 ||| 0rusy0189 ca
101 Язык документа 0_
a Язык текста rus
102 Страна публикации __
a Страна публикации RU
105 Кодированные данные (монография) __
a Кодированные данные (монография) y###||||000|y
200 Заглавие и сведения об ответственности 1_
a Заглавие Охотничьи записки и дневники егермейстера М. В. Андреевского
b Общее обозначение материала Текст
g Последующие сведения об ответственности под общ. ред. Е. В. Малевского
210 Выходные данные 1_
a Место издания Москва
c Издательство КремльФильм
d Дата издания 2017
215 Физическое описание __
a Объем 462 с.
c Иллюстрации/тип воспроизводства ил., фото, портр.
d Формат 24,5 см.
225 Серия 2_
a Серия Охота и политика
h Номер части Кн. 4 Т. 1
300 Общие примечания __
a Общие примечания 16+
606 Тематические рубрики 0_
a Основная рубрика Охота русская - Записки
610 Ключевые слова 0_
a Ключевые слова охота
a Ключевые слова природа
a Ключевые слова хозяйство охотничье
a Ключевые слова охотники
a Ключевые слова записки охотников
a Ключевые слова охота коллективная; охота русская
a Ключевые слова егеря
686 Индексы других классификаций __
a Классификационный индекс 47.1
2 Код системы ББК
801 Источник записи _0
a Страна RU
b Организация МБУК ЦБС г. Ульяновска
c Дата составления 20130130
g Правила каталогизации RCR
801 Источник записи _1
a Страна RU
b Организация МБУК ЦБС г. Ульяновска
c Дата составления 20130130
g Правила каталогизации RCR
852 Данные о местонахождении __
i Авторский знак О-92
899 Данные о местонахождении __
i Авторский знак О-92
j Расстановочный фильтр 47.1
900 Электронные ресурсы __
a Имя электронного ресурса Охотничьи записки и дневники егермейстера М. В. Андреевского
901 Тип документа __
t Тип документа m
910 Корректоры записи __
a Корректор записи Зотова